| LEADER | 00616cam a2200145 7i4500 | ||
|---|---|---|---|
| 001 | 0000021608 | ||
| 005 | 20080908090000.0 | ||
| 090 | 0 | 0 | |a T 382.7 |b PRO [CAMB] |
| 245 | 0 | 0 | |a Products and tariff reduction programmes : |b under the common effective preferential tariff scheme [CEPT] 2007 : |b under the common effective preferential tariff scheme [CEPT] 2007 : |b Cambodia. |
| 260 | 0 | 0 | |a [S.l]: |b [s.n], |c 2007. |
| 300 | # | # | |a 272 p. |
| 650 | 0 | 0 | |a Tariff -- |x CEPT -- |z Cambodia |
| 650 | 0 | 0 | |a Common Effective Preferential Tariff Scheme [CEPT] -- |z Cambodia |
| 651 | 0 | 0 | |a Cambodia |
| 999 | |a 0000022770 |b Book |c Tariffs |e Business Information Centre | ||